|
|
|
|
| LEADER |
02927nam a2200409 a 4500 |
| 001 |
173308016 |
| 008 |
101107r20092008njua 001 0 eng d |
| 010 |
|
|
|a 2004556239
|
| 020 |
|
|
|a 9780471758013
|
| 020 |
|
|
|a 0471758019
|
| 020 |
|
|
|a 9788126514427
|
| 040 |
|
|
|a DLC
|c DLC
|d DLC
|d DB-DhAAL
|
| 082 |
0 |
4 |
|a 530
|2 21
|
| 100 |
1 |
|
|a Halliday, David,
|d 1916-
|
| 245 |
1 |
0 |
|a Fundamentals of physics /
|c David Halliday, Robert Resnick, Jearl Walker.
|
| 250 |
|
|
|a 8th ed., extended /
|b Jearl Walker.
|
| 246 |
1 |
|
|i At head of title:
|a Halliday/Resnick
|
| 260 |
|
|
|a Hoboken, NJ ;
|a New Delhi :
|b Wiley India,
|c c2008 [reprinted 2009].
|
| 300 |
|
|
|a xxii, 1300 p. :
|b ill. ;
|c 24 cm.
|
| 500 |
|
|
|a Includes indexes.
|
| 541 |
1 |
|
|e 00021443
|
| 650 |
|
0 |
|a Physics.
|
| 700 |
1 |
|
|a Resnick, Robert,
|d 1923-
|
| 700 |
1 |
|
|a Walker, Jearl,
|d 1945-
|
| 852 |
4 |
|
|a Ayesha Abed Library
|j General Shelf.
|
| 942 |
0 |
0 |
|0 7
|
| 999 |
|
|
|c 10051
|d 10051
|
| 952 |
|
|
|0 0
|1 0
|2 ddc
|4 0
|6 530_000000000000000_HAL
|7 0
|9 13195
|a BRACUL
|b BRACUL
|c GEN
|d 2010-11-08
|l 60
|m 349
|o 530 HAL
|p 3010021443
|q 2024-09-24
|r 2024-01-30
|s 2024-01-30
|t 1
|w 2010-11-08
|y BK
|
| 952 |
|
|
|0 0
|1 0
|2 ddc
|4 0
|6 530_000000000000000_HAL
|7 0
|9 13196
|a BRACUL
|b BRACUL
|c GEN
|d 2010-11-08
|e Karim International
|l 59
|m 387
|o 530 HAL
|p 3010021442
|r 2026-04-20
|s 2025-10-15
|t 2
|w 2010-11-08
|y BK
|
| 952 |
|
|
|0 0
|1 0
|2 ddc
|4 0
|6 530_000000000000000_HAL
|7 0
|9 13197
|a BRACUL
|b BRACUL
|c GEN
|d 2010-11-08
|e Karim International
|l 67
|m 373
|o 530 HAL
|p 3010021446
|r 2025-09-22
|s 2025-09-11
|t 3
|w 2010-11-08
|y BK
|
| 952 |
|
|
|0 0
|1 0
|2 ddc
|4 0
|6 530_HAL
|7 0
|9 13198
|a BRACUL
|b BRACUL
|c GEN
|d 2010-11-08
|e Karim International
|l 69
|m 376
|o 530 HAL
|p 3010021445
|q 2025-07-20
|r 2024-01-24
|s 2024-01-24
|t 4
|w 2010-11-08
|y BK
|
| 952 |
|
|
|0 0
|1 0
|2 ddc
|4 0
|6 530_000000000000000_HAL
|7 0
|9 13199
|a BRACUL
|b BRACUL
|c GEN
|d 2010-11-08
|l 85
|m 348
|o 530 HAL
|p 3010021444
|r 2025-11-26
|s 2025-11-25
|t 5
|w 2010-11-08
|y BK
|
| 952 |
|
|
|0 0
|1 0
|2 ddc
|4 0
|6 530_000000000000000_HAL
|7 0
|9 19668
|a BRACUL
|b BRACUL
|c GEN
|d 2012-03-14
|e Development Book Agency
|g 1501.20
|l 59
|m 364
|o 530 HAL
|p 3010024749
|q 2026-05-06
|r 2025-08-06
|s 2025-08-06
|t 6
|w 2012-03-15
|y BK
|
| 952 |
|
|
|0 0
|1 0
|2 ddc
|4 0
|6 530_000000000000000_HAL
|7 0
|9 19669
|a BRACUL
|b BRACUL
|c GEN
|d 2012-03-14
|e Development Book Agency
|g 1501.20
|l 73
|m 417
|o 530 HAL
|p 3010024750
|q 2026-06-02
|r 2026-05-20
|s 2026-05-20
|t 7
|w 2012-03-15
|y BK
|
| 952 |
|
|
|0 0
|1 0
|2 ddc
|4 0
|6 530_000000000000000_HAL
|7 0
|9 19670
|a BRACUL
|b BRACUL
|c GEN
|d 2012-03-14
|e Development Book Agency
|g 1501.20
|l 65
|m 312
|o 530 HAL
|p 3010024751
|r 2026-04-04
|s 2026-03-29
|t 8
|w 2012-03-15
|y BK
|x Koha Inventory 2020
|
| 952 |
|
|
|0 0
|1 4
|2 ddc
|4 1
|6 530_000000000000000_HAL
|7 0
|9 19671
|a BRACUL
|b BRACUL
|c GEN
|d 2012-03-14
|e Development Book Agency
|g 150.00
|l 33
|m 188
|o 530 HAL
|p 3010024752
|r 2018-10-10
|s 2018-09-30
|t 9
|w 2012-03-15
|y BK
|x Koha Inventory 2020
|
| 952 |
|
|
|0 0
|1 0
|2 ddc
|4 0
|6 530_000000000000000_HAL
|7 0
|9 19672
|a BRACUL
|b BRACUL
|c GEN
|d 2012-03-14
|e Development Book Agency
|g 1501.20
|l 74
|m 363
|o 530 HAL
|p 3010024753
|q 2026-06-02
|r 2026-01-29
|s 2026-01-29
|t 10
|w 2012-03-15
|y BK
|